000 00832nam a22002777a 4500
001 BR7901252
003 BR-BrBNA
005 20230928085944.0
007 ta
008 230509b bl.||||| |||| 00| 0 por d
040 _aBR-BrBNA
_bpor
_cBiblioteca Nacional de Agricultura
041 _a(Por)
072 _aL70
_b5100
090 _ 5100 BR7901252
100 1 _aThomassian, A.
110 1 _aUniversidade Federal de Minas Gerais, Belo Horizonte (Brasil). Escola de Veterinaria
_0Tese (Mestrado)
245 1 _aEnteronastomose termico - terminal tipo crushing em equinos
260 3 _aBelo Horizonte, MG (Brasil):
_c1979.
300 _a39 p.
500 _a7 illus.; 26 ref.; Summary (Por)
650 _aCirurgia
650 _aIntestino delgado
650 _aEquino
909 _a202309
_bLucia
_c55
_dLucia Elande
942 _cBK
999 _c27170
_d27170